Normal view
MARC view
Entry Personal Name
001 - CONTROL NUMBER
- control field: 31145
003 - CONTROL NUMBER IDENTIFIER
- control field: OSt
005 - DATE AND TIME OF LATEST TRANSACTION
- control field: 20220511130318.0
008 - FIXED-LENGTH DATA ELEMENTS
- fixed length control field: 220511|| aca||aabn | a|a d
040 ## - CATALOGING SOURCE
- Original cataloging agency: OSt
- Transcribing agency: OSt
100 ## - HEADING--PERSONAL NAME
- Personal name: Benzell, Seth G. and Cooke, Kevin
670 ## - SOURCE DATA FOUND
- Source citation: Work cat.: (OSt)518892: Benzell, Seth G. and Cooke, Kevin , A network of thrones: Kinship and conflict in Europe, 1495–1918
